Časté chyby při formulaci otázek v dotazníkových šetřeních

Identifikácia a oprava chybných formulácií vyskytujúcich sa v reálnych dotazníkoch. Termíny typu často, niekedy, občas a výnimočne. Nedostatočne pokryté spektrum odpovedí a prekrývajúce sa možnosti odpovedí.

Gespeichert in:
Bibliographische Detailangaben
1. Verfasser: Martíšková, Petra
Format: Buchkapitel
Sprache:Tschechisch
Schlagworte:
Tags: Tag hinzufügen
Keine Tags, Fügen Sie das erste Tag hinzu!

MARC

LEADER 00000naa a2200000 4500
001 0280785
005 20240417075149.7
041 0 |a cze 
044 |a CZ 
245 1 0 |a Časté chyby při formulaci otázek v dotazníkových šetřeních  |c Petra Martíšková 
520 |a Identifikácia a oprava chybných formulácií vyskytujúcich sa v reálnych dotazníkoch. Termíny typu často, niekedy, občas a výnimočne. Nedostatočne pokryté spektrum odpovedí a prekrývajúce sa možnosti odpovedí. 
610 2 0 |a štylistika 
610 2 0 |a dotazníky 
610 2 0 |a formuláre 
100 1 |a Martíšková, Petra